000 00513nam a22001697a 4500
005 20251108172810.0
008 250721s1992 xx 000 0 ara d
082 1 4 _aم/411.7/بيا
100 1 _aالبياتي، حسن قاسم حبش
245 1 0 _aنفائس الخط العربي /
264 1 _aبيروت :
_bدار القلم للنشر و التوزيع،
_c1992.
300 _a307ص
650 1 7 _aاللغة العربية
650 1 7 _aالخط العربي
942 _2ddc
_cREF
999 _c88753
_d88753